000 00634nam a2200241 i 4500
001 C2-0277748
003 PPAK
005 20180728005646.0
008 070123s1995 nyu |||| ||||| | eng d
020 _a0393966356
040 _aPPAK
_beng
_cPPAK
_erda
082 0 4 _a813.52
_223
090 0 0 _a813.52
_bWHA
_dLCK
100 1 _aWharton, Edith,
_eauthor
245 1 0 _aEthan Frome
264 1 _aNew York :
_bW.W. Norton & Company ,
_c1995
300 _axiii, 186 pages ;
_c22 cm
336 _2rdacontent
_atext
337 _2rdamedia
_aunmediated
338 _2rdacarrier
_avolume
650 1 0 _aAmericans fiction.
942 _ddc
_cB
999 _c84864
_d84864